[Event "DVM U12 2024"]
[Site "Heidelberg GER"]
[Date "2024.12.27"]
[Round "1"]
[White "Tu, Tiffany"]
[Black "Rogner, Alexander Luis"]
[Result "0-1"]
[Termination "normal"]
[Board "6.2"]
[WhiteElo "1667"]
[BlackElo "1674"]
[WhiteClock "00:31:57"]
[BlackClock "00:24:12"]
[WhiteTeam "SF 59 Kornwestheim"]
[BlackTeam "SF Brackel 1930"]
[PlyCount "136"]
[WhiteFideId "34628576"]
[BlackFideId "34606556"]
[EventCountry "GER"]
[EventRounds "7"]
[EventType "team-swiss"]
[EventDate "2024.12.26"]

1. e4 {[%clk 01:30:56]} {[%emt 00:00:03]} e5 {[%clk 01:30:55]} {[%emt
00:00:06]} 2. Nf3 {[%clk 01:31:21]} {[%emt 00:00:04]} Nc6 {[%clk 01:31:20]}
{[%emt 00:00:06]} 3. Bb5 {[%clk 01:31:46]} {[%emt 00:00:05]} a6 {[%clk
01:31:30]} {[%emt 00:00:20]} 4. Ba4 {[%clk 01:32:10]} {[%emt 00:00:06]} Nf6
{[%clk 01:31:53]} {[%emt 00:00:07]} 5. d3 {[%clk 01:32:34]} {[%emt 00:00:06]}
b5 {[%clk 01:32:08]} {[%emt 00:00:14]} 6. Bb3 {[%clk 01:32:57]} {[%emt
00:00:07]} Be7 {[%clk 01:32:00]} {[%emt 00:00:38]} 7. c3 {[%clk 01:33:09]}
{[%emt 00:00:18]} d6 {[%clk 01:32:22]} {[%emt 00:00:09]} 8. O-O {[%clk
01:33:29]} {[%emt 00:00:10]} O-O {[%clk 01:32:21]} {[%emt 00:00:31]} 9. Nbd2
{[%clk 01:33:38]} {[%emt 00:00:22]} Na5 {[%clk 01:32:03]} {[%emt 00:00:48]} 10.
Bc2 {[%clk 01:33:56]} {[%emt 00:00:11]} c5 {[%clk 01:32:21]} {[%emt 00:00:12]}
11. Re1 {[%clk 01:34:12]} {[%emt 00:00:13]} Nc6 {[%clk 01:32:33]} {[%emt
00:00:19]} 12. Nf1 {[%clk 01:33:48]} {[%emt 00:00:53]} Re8 {[%clk 01:31:59]}
{[%emt 00:01:04]} 13. Ng3 {[%clk 01:32:32]} {[%emt 00:01:46]} Bf8 {[%clk
01:31:58]} {[%emt 00:00:32]} 14. h3 {[%clk 01:28:52]} {[%emt 00:04:10]} g6
{[%clk 01:31:27]} {[%emt 00:01:01]} 15. Bg5 {[%clk 01:25:11]} {[%emt 00:04:12]}
h6 {[%clk 01:29:11]} {[%emt 00:02:45]} 16. Be3 {[%clk 01:22:03]} {[%emt
00:03:38]} d5 {[%clk 01:28:34]} {[%emt 00:01:07]} 17. Qd2 {[%clk 01:08:07]}
{[%emt 00:14:26]} Kh7 {[%clk 01:13:15]} {[%emt 00:15:50]} 18. exd5 {[%clk
01:01:57]} {[%emt 00:06:39]} Nxd5 {[%clk 01:13:32]} {[%emt 00:00:13]} 19. d4
{[%clk 00:59:09]} {[%emt 00:03:19]} cxd4 {[%clk 01:09:51]} {[%emt 00:04:11]}
20. Be4 {[%clk 00:47:49]} {[%emt 00:11:50]} Be6 {[%clk 01:07:09]} {[%emt
00:03:12]} 21. cxd4 {[%clk 00:39:33]} {[%emt 00:08:46]} Bb4 {[%clk 01:06:02]}
{[%emt 00:01:37]} 22. Qc2 {[%clk 00:36:06]} {[%emt 00:03:57]} Bxe1 {[%clk
01:05:06]} {[%emt 00:01:26]} 23. Rxe1 {[%clk 00:34:36]} {[%emt 00:02:00]} Rc8
{[%clk 01:04:33]} {[%emt 00:01:04]} 24. Qd2 {[%clk 00:33:04]} {[%emt 00:02:01]}
exd4 {[%clk 01:02:02]} {[%emt 00:03:02]} 25. Bxh6 {[%clk 00:31:54]} {[%emt
00:01:40]} Nf6 {[%clk 00:54:32]} {[%emt 00:07:59]} 26. Ng5+ {[%clk 00:28:51]}
{[%emt 00:03:33]} Kg8 {[%clk 00:54:14]} {[%emt 00:00:48]} 27. Bxg6 {[%clk
00:25:15]} {[%emt 00:04:05]} fxg6 {[%clk 00:50:13]} {[%emt 00:04:32]} 28. Nxe6
{[%clk 00:23:16]} {[%emt 00:02:29]} Qa5 {[%clk 00:49:20]} {[%emt 00:01:24]} 29.
Qd1 {[%clk 00:22:03]} {[%emt 00:01:42]} Nd8 {[%clk 00:48:39]} {[%emt 00:01:12]}
30. Bd2 {[%clk 00:19:41]} {[%emt 00:02:50]} Qb6 {[%clk 00:46:49]} {[%emt
00:02:21]} 31. Ng5 {[%clk 00:17:31]} {[%emt 00:02:40]} Rxe1+ {[%clk 00:45:36]}
{[%emt 00:01:43]} 32. Qxe1 {[%clk 00:16:42]} {[%emt 00:01:19]} Nf7 {[%clk
00:33:48]} {[%emt 00:12:19]} 33. Qb1 {[%clk 00:13:50]} {[%emt 00:03:20]} Kg7
{[%clk 00:33:31]} {[%emt 00:00:48]} 34. Qd3 {[%clk 00:12:18]} {[%emt 00:02:02]}
Nxg5 {[%clk 00:32:51]} {[%emt 00:01:10]} 35. Bxg5 {[%clk 00:12:29]} {[%emt
00:00:19]} Qd6 {[%clk 00:32:22]} {[%emt 00:00:59]} 36. h4 {[%clk 00:11:54]}
{[%emt 00:01:05]} Qe5 {[%clk 00:28:50]} {[%emt 00:04:01]} 37. Qf3 {[%clk
00:10:54]} {[%emt 00:01:30]} Nd5 {[%clk 00:18:01]} {[%emt 00:11:20]} 38. Qg4
{[%clk 00:08:58]} {[%emt 00:02:26]} Rf8 {[%clk 00:05:16]} {[%emt 00:13:16]} 39.
h5 {[%clk 00:07:17]} {[%emt 00:02:10]} Nf6 {[%clk 00:04:52]} {[%emt 00:00:53]}
40. Qh4 {[%clk 00:05:54]} {[%emt 00:01:52]} Nxh5 {[%clk 00:03:12]} {[%emt
00:02:11]} 41. Nxh5+ {[%clk 00:05:35]} {[%emt 00:00:48]} gxh5 {[%clk 00:02:28]}
{[%emt 00:01:15]} 42. Qxh5 {[%clk 00:05:11]} {[%emt 00:00:53]} Qe6 {[%clk
00:02:28]} {[%emt 00:00:30]} 43. Qh4 {[%clk 00:05:04]} {[%emt 00:00:37]} Qe1+
{[%clk 00:01:34]} {[%emt 00:01:25]} 44. Kh2 {[%clk 00:05:27]} {[%emt 00:00:07]}
Qe5+ {[%clk 00:01:50]} {[%emt 00:00:13]} 45. Kg1 {[%clk 00:05:37]} {[%emt
00:00:20]} Rh8 {[%clk 00:01:55]} {[%emt 00:00:27]} 46. Bf6+ {[%clk 00:03:48]}
{[%emt 00:02:18]} Qxf6 {[%clk 00:02:16]} {[%emt 00:00:09]} 47. Qg4+ {[%clk
00:03:28]} {[%emt 00:00:48]} Kf7 {[%clk 00:00:36]} {[%emt 00:02:11]} 48. Qd7+
{[%emt 00:00:11]} Kg6 {[%clk 00:29:24]} {[%emt 00:01:40]} 49. Qg4+ {[%clk
00:34:02]} {[%emt 00:00:16]} Kh7 {[%clk 00:25:58]} {[%emt 00:03:56]} 50. Qh5+
{[%clk 00:34:07]} {[%emt 00:00:26]} Kg7 {[%clk 00:25:13]} {[%emt 00:01:15]} 51.
Qg4+ {[%clk 00:34:31]} {[%emt 00:00:06]} Kh6 {[%clk 00:23:37]} {[%emt
00:02:05]} 52. Qh3+ {[%clk 00:34:22]} {[%emt 00:00:39]} Kg5 {[%clk 00:22:36]}
{[%emt 00:01:32]} 53. Qg3+ {[%clk 00:34:36]} {[%emt 00:00:15]} Kf5 {[%clk
00:22:49]} {[%emt 00:00:17]} 54. Qd3+ {[%clk 00:33:51]} {[%emt 00:01:14]} Ke5
{[%clk 00:22:59]} {[%emt 00:00:22]} 55. Qg3+ {[%clk 00:34:11]} {[%emt
00:00:09]} Kd5 {[%clk 00:22:48]} {[%emt 00:00:42]} 56. Qb3+ {[%clk 00:34:26]}
{[%emt 00:00:11]} Kc5 {[%clk 00:21:58]} {[%emt 00:01:24]} 57. Qc2+ {[%clk
00:32:53]} {[%emt 00:02:01]} Kb6 {[%clk 00:21:34]} {[%emt 00:00:56]} 58. b4
{[%clk 00:33:11]} {[%emt 00:00:12]} Qd6 {[%clk 00:20:52]} {[%emt 00:01:12]} 59.
g3 {[%clk 00:32:40]} {[%emt 00:01:01]} Qc6 {[%clk 00:20:54]} {[%emt 00:00:28]}
60. Qxc6+ {[%clk 00:32:32]} {[%emt 00:00:39]} Kxc6 {[%clk 00:21:19]} {[%emt
00:00:06]} 61. f4 {[%clk 00:32:35]} {[%emt 00:00:26]} Kd5 {[%clk 00:21:40]}
{[%emt 00:00:10]} 62. Kg2 {[%clk 00:31:23]} {[%emt 00:01:41]} Ke4 {[%clk
00:22:02]} {[%emt 00:00:08]} 63. a3 {[%clk 00:31:41]} {[%emt 00:00:12]} d3
{[%clk 00:22:24]} {[%emt 00:00:08]} 64. Kf2 {[%clk 00:31:54]} {[%emt 00:00:17]}
Rg8 {[%clk 00:22:48]} {[%emt 00:00:06]} 65. Ke1 {[%clk 00:31:43]} {[%emt
00:00:41]} Ke3 {[%clk 00:22:56]} {[%emt 00:00:23]} 66. g4 {[%clk 00:31:34]}
{[%emt 00:00:38]} d2+ {[%clk 00:23:22]} {[%emt 00:00:05]} 67. Kd1 {[%clk
00:31:57]} {[%emt 00:00:06]} Rc8 {[%clk 00:23:49]} {[%emt 00:00:02]} 68. f5
{[%emt 00:00:28]} Rc1# {[%clk 00:24:12]} {[%emt 00:00:06]} 0-1

[Event "DVM U12 2024"]
[Site "Heidelberg GER"]
[Date "2024.12.27"]
[Round "1"]
[White "Hendler, Maximilian"]
[Black "Lu, Alexander"]
[Result "0-1"]
[Termination "normal"]
[Board "6.3"]
[WhiteElo "1644"]
[BlackElo "1572"]
[WhiteClock "00:18:13"]
[BlackClock "00:54:42"]
[WhiteTeam "SF Brackel 1930"]
[BlackTeam "SF 59 Kornwestheim"]
[PlyCount "102"]
[WhiteFideId "34616500"]
[BlackFideId "34612629"]
[EventCountry "GER"]
[EventRounds "7"]
[EventType "team-swiss"]
[EventDate "2024.12.26"]

1. e4 {[%clk 01:30:56]} {[%emt 00:00:03]} c6 {[%clk 01:30:59]} {[%emt
00:00:03]} 2. d4 {[%clk 01:31:15]} {[%emt 00:00:10]} d5 {[%clk 01:31:25]}
{[%emt 00:00:04]} 3. exd5 {[%clk 01:31:32]} {[%emt 00:00:12]} cxd5 {[%clk
01:31:48]} {[%emt 00:00:07]} 4. c4 {[%clk 01:31:54]} {[%emt 00:00:08]} Nf6
{[%clk 01:32:13]} {[%emt 00:00:06]} 5. Nc3 {[%clk 01:32:12]} {[%emt 00:00:11]}
Nc6 {[%clk 01:32:31]} {[%emt 00:00:12]} 6. Nf3 {[%clk 01:32:22]} {[%emt
00:00:20]} Bg4 {[%clk 01:32:40]} {[%emt 00:00:21]} 7. cxd5 {[%clk 01:31:04]}
{[%emt 00:01:48]} Nxd5 {[%clk 01:32:39]} {[%emt 00:00:30]} 8. Qb3 {[%clk
01:31:18]} {[%emt 00:00:17]} Bxf3 {[%clk 01:32:26]} {[%emt 00:00:43]} 9. gxf3
{[%clk 01:31:08]} {[%emt 00:00:40]} e6 {[%clk 01:30:35]} {[%emt 00:02:21]} 10.
Qxb7 {[%clk 01:28:59]} {[%emt 00:02:39]} Nxd4 {[%clk 01:30:12]} {[%emt
00:00:53]} 11. Bb5+ {[%clk 01:28:35]} {[%emt 00:00:54]} Nxb5 {[%clk 01:30:34]}
{[%emt 00:00:08]} 12. Qxb5+ {[%clk 01:26:56]} {[%emt 00:02:08]} Qd7 {[%clk
01:30:08]} {[%emt 00:00:55]} 13. Qxd7+ {[%clk 01:26:42]} {[%emt 00:00:44]} Kxd7
{[%clk 01:30:33]} {[%emt 00:00:07]} 14. Nxd5 {[%clk 01:26:23]} {[%emt
00:00:48]} exd5 {[%clk 01:30:57]} {[%emt 00:00:06]} 15. Be3 {[%clk 01:26:34]}
{[%emt 00:00:19]} Bb4+ {[%clk 01:30:45]} {[%emt 00:00:42]} 16. Ke2 {[%clk
01:19:55]} {[%emt 00:07:09]} Rhe8 {[%clk 01:29:37]} {[%emt 00:01:38]} 17. Rhd1
{[%clk 01:19:08]} {[%emt 00:01:17]} Ke6 {[%clk 01:24:02]} {[%emt 00:06:04]} 18.
Rac1 {[%clk 01:10:55]} {[%emt 00:08:43]} Rec8 {[%clk 01:09:13]} {[%emt
00:15:20]} 19. a3 {[%clk 01:06:32]} {[%emt 00:04:53]} Ba5 {[%clk 01:06:48]}
{[%emt 00:02:51]} 20. Kd3 {[%clk 01:01:42]} {[%emt 00:05:23]} Bb6 {[%clk
01:04:04]} {[%emt 00:03:15]} 21. b4 {[%clk 01:00:59]} {[%emt 00:01:13]} Bxe3
{[%clk 01:00:27]} {[%emt 00:04:07]} 22. fxe3 {[%clk 01:01:01]} {[%emt
00:00:28]} a5 {[%clk 01:00:31]} {[%emt 00:00:26]} 23. b5 {[%clk 01:00:55]}
{[%emt 00:00:36]} Rab8 {[%clk 00:59:02]} {[%emt 00:01:58]} 24. a4 {[%clk
00:54:44]} {[%emt 00:06:42]} f5 {[%clk 00:57:55]} {[%emt 00:01:37]} 25. Kd4
{[%clk 00:49:47]} {[%emt 00:05:27]} Kd6 {[%clk 00:53:39]} {[%emt 00:04:46]} 26.
e4 {[%clk 00:34:01]} {[%emt 00:16:15]} dxe4 {[%clk 00:53:01]} {[%emt 00:01:09]}
27. fxe4 {[%clk 00:33:28]} {[%emt 00:01:03]} fxe4 {[%clk 00:51:20]} {[%emt
00:02:10]} 28. Kxe4+ {[%clk 00:33:52]} {[%emt 00:00:07]} Ke6 {[%clk 00:51:42]}
{[%emt 00:00:05]} 29. Rc6+ {[%clk 00:16:10]} {[%emt 00:18:14]} Rxc6 {[%clk
00:51:34]} {[%emt 00:00:38]} 30. bxc6 {[%clk 00:16:30]} {[%emt 00:00:11]} Rb4+
{[%clk 00:50:47]} {[%emt 00:01:13]} 31. Kd3 {[%clk 00:16:08]} {[%emt 00:00:55]}
Kd6 {[%clk 00:50:46]} {[%emt 00:00:24]} 32. Kc3+ {[%clk 00:15:27]} {[%emt
00:01:18]} Kxc6 {[%clk 00:50:23]} {[%emt 00:00:53]} 33. Rc1 {[%clk 00:15:43]}
{[%emt 00:00:14]} Kc5 {[%clk 00:49:18]} {[%emt 00:01:32]} 34. Rc2 {[%clk
00:13:50]} {[%emt 00:02:25]} Rc4+ {[%clk 00:49:09]} {[%emt 00:00:38]} 35. Kb3
{[%clk 00:14:09]} {[%emt 00:00:13]} Rxc2 {[%clk 00:49:31]} {[%emt 00:00:08]}
36. Kxc2 {[%clk 00:14:31]} {[%emt 00:00:07]} Kc4 {[%clk 00:49:54]} {[%emt
00:00:04]} 37. h4 {[%clk 00:14:40]} {[%emt 00:00:24]} g6 {[%clk 00:49:51]}
{[%emt 00:00:33]} 38. h5 {[%clk 00:15:03]} {[%emt 00:00:08]} gxh5 {[%clk
00:50:13]} {[%emt 00:00:08]} 39. Kb2 {[%clk 00:15:24]} {[%emt 00:00:08]} h4
{[%clk 00:50:39]} {[%emt 00:00:05]} 40. Kc2 {[%clk 00:15:32]} {[%emt 00:00:22]}
h3 {[%clk 00:51:03]} {[%emt 00:00:06]} 41. Kd2 {[%clk 00:15:49]} {[%emt
00:00:13]} h2 {[%clk 00:51:29]} {[%emt 00:00:05]} 42. Ke3 {[%clk 00:16:09]}
{[%emt 00:00:09]} h1=Q {[%clk 00:51:53]} {[%emt 00:00:06]} 43. Kf2 {[%clk
00:16:19]} {[%emt 00:00:20]} Qh2+ {[%clk 00:51:54]} {[%emt 00:00:28]} 44. Kf3
{[%clk 00:16:39]} {[%emt 00:00:11]} Qg1 {[%clk 00:52:05]} {[%emt 00:00:07]} 45.
Ke4 {[%clk 00:16:49]} {[%emt 00:00:31]} Qe1 {[%clk 00:52:21]} {[%emt 00:00:15]}
46. Kf5 {[%clk 00:17:11]} {[%emt 00:00:08]} Qe3 {[%clk 00:52:44]} {[%emt
00:00:05]} 47. Kg4 {[%clk 00:17:19]} {[%emt 00:00:24]} Qf2 {[%clk 00:53:06]}
{[%emt 00:00:07]} 48. Kh5 {[%clk 00:17:31]} {[%emt 00:00:20]} Qg3 {[%clk
00:53:25]} {[%emt 00:00:11]} 49. Kh6 {[%clk 00:17:54]} {[%emt 00:00:07]} Qg4
{[%clk 00:53:53]} {[%emt 00:00:02]} 50. Kxh7 {[%clk 00:18:12]} {[%emt
00:00:11]} Qg5 {[%clk 00:54:21]} {[%emt 00:00:02]} 51. Kh8 {[%clk 00:18:13]}
{[%emt 00:00:29]} Kd5 {[%clk 00:54:42]} {[%emt 00:00:07]} 0-1

[Event "DVM U12 2024"]
[Site "Heidelberg GER"]
[Date "2024.12.27"]
[Round "1"]
[White "Liu, Miran"]
[Black "Libert, Nick"]
[Result "0-1"]
[Termination "normal"]
[Board "6.4"]
[WhiteElo "962"]
[BlackElo "1548"]
[WhiteClock "00:48:11"]
[BlackClock "01:26:55"]
[WhiteTeam "SF 59 Kornwestheim"]
[BlackTeam "SF Brackel 1930"]
[PlyCount "102"]
[WhiteFideId "34612610"]
[BlackFideId "34634088"]
[EventCountry "GER"]
[EventRounds "7"]
[EventType "team-swiss"]
[EventDate "2024.12.26"]

1. e4 {[%clk 01:30:56]} {[%emt 00:00:04]} e5 {[%clk 01:30:57]} {[%emt
00:00:04]} 2. Nf3 {[%clk 01:31:20]} {[%emt 00:00:05]} Nc6 {[%clk 01:31:25]}
{[%emt 00:00:02]} 3. Bc4 {[%clk 01:31:43]} {[%emt 00:00:08]} Nf6 {[%clk
01:31:52]} {[%emt 00:00:03]} 4. d3 {[%clk 01:31:53]} {[%emt 00:00:19]} h6
{[%clk 01:32:18]} {[%emt 00:00:04]} 5. Nc3 {[%clk 01:32:06]} {[%emt 00:00:17]}
Bc5 {[%clk 01:32:44]} {[%emt 00:00:04]} 6. O-O {[%clk 01:32:02]} {[%emt
00:00:34]} d6 {[%emt 00:00:06]} 7. h3 {[%clk 01:32:21]} {[%emt 00:00:08]} Be6
{[%clk 01:33:35]} {[%emt 00:00:06]} 8. Nd5 {[%clk 01:31:03]} {[%emt 00:01:48]}
Bxd5 {[%clk 01:33:55]} {[%emt 00:00:10]} 9. Bxd5 {[%clk 01:30:54]} {[%emt
00:00:39]} Nxd5 {[%clk 01:33:59]} {[%emt 00:00:27]} 10. exd5 {[%clk 01:30:51]}
{[%emt 00:00:33]} Ne7 {[%clk 01:34:16]} {[%emt 00:00:13]} 11. c4 {[%clk
01:30:02]} {[%emt 00:01:19]} O-O {[%emt 00:02:11]} 12. Nh4 {[%clk 01:26:54]}
{[%emt 00:02:07]} Ng6 {[%clk 01:32:49]} {[%emt 00:01:47]} 13. Nf5 {[%clk
01:22:52]} {[%emt 00:04:31]} Ne7 {[%clk 01:26:47]} {[%emt 00:06:32]} 14. Nh4
{[%clk 01:20:06]} {[%emt 00:03:15]} f5 {[%clk 01:26:55]} {[%emt 00:00:23]} 15.
Qf3 {[%emt 00:03:30]} Qd7 {[%emt 00:05:31]} 16. Qg3 {[%clk 01:13:21]} {[%emt
00:01:38]} f4 {[%clk 01:24:57]} {[%emt 00:00:04]} 17. Qf3 {[%clk 01:12:19]}
{[%emt 00:01:31]} Rad8 {[%clk 01:24:12]} {[%emt 00:01:17]} 18. Re1 {[%clk
01:08:11]} {[%emt 00:04:38]} Nf5 {[%clk 01:24:17]} {[%emt 00:00:25]} 19. Nxf5
{[%clk 01:07:24]} {[%emt 00:01:16]} Qxf5 {[%clk 01:24:42]} {[%emt 00:00:04]}
20. Bd2 {[%clk 01:04:08]} {[%emt 00:03:47]} Rf6 {[%clk 01:24:42]} {[%emt
00:00:31]} 21. Qg4 {[%clk 01:01:43]} {[%emt 00:02:54]} Qxg4 {[%clk 01:24:18]}
{[%emt 00:00:54]} 22. hxg4 {[%clk 01:01:57]} {[%emt 00:00:16]} Rg6 {[%clk
01:24:42]} {[%emt 00:00:06]} 23. Ba5 {[%clk 00:59:51]} {[%emt 00:02:36]} Rd7
{[%clk 01:24:19]} {[%emt 00:00:54]} 24. b4 {[%clk 00:59:05]} {[%emt 00:01:15]}
Bd4 {[%clk 01:24:43]} {[%emt 00:00:06]} 25. Rac1 {[%emt 00:01:06]} b6 {[%emt
00:00:05]} 26. Bxb6 {[%clk 00:57:14]} {[%emt 00:01:10]} cxb6 {[%clk 01:25:06]}
{[%emt 00:00:08]} 27. Kf1 {[%clk 00:55:29]} {[%emt 00:02:14]} Rxg4 {[%clk
01:25:08]} {[%emt 00:00:28]} 28. f3 {[%clk 00:54:14]} {[%emt 00:01:45]} Rh4
{[%clk 01:25:01]} {[%emt 00:00:33]} 29. Ke2 {[%clk 00:53:55]} {[%emt 00:00:53]}
Rh2 {[%clk 01:25:24]} {[%emt 00:00:06]} 30. Kf1 {[%clk 00:53:23]} {[%emt
00:01:02]} Rh1+ {[%clk 01:25:48]} {[%emt 00:00:06]} 31. Ke2 {[%clk 00:53:29]}
{[%emt 00:00:24]} Rxe1+ {[%clk 01:26:16]} {[%emt 00:00:02]} 32. Rxe1 {[%clk
00:53:47]} {[%emt 00:00:12]} Rf7 {[%clk 01:26:22]} {[%emt 00:00:25]} 33. g4
{[%clk 00:52:15]} {[%emt 00:02:00]} fxg3 {[%clk 01:26:15]} {[%emt 00:00:39]}
34. Kf1 {[%emt 00:01:50]} Rxf3+ {[%emt 00:00:08]} 35. Kg2 {[%clk 00:50:27]}
{[%emt 00:00:20]} Rxd3 {[%clk 01:26:40]} {[%emt 00:00:05]} 36. Rc1 {[%clk
00:50:18]} {[%emt 00:00:28]} Rc3 {[%clk 01:26:58]} {[%emt 00:00:24]} 37. Rxc3
{[%emt 00:00:13]} Bxc3 38. b5 {[%clk 00:50:25]} {[%emt 00:00:10]} Be1 {[%clk
01:27:12]} {[%emt 00:00:15]} 39. a4 {[%clk 00:49:51]} {[%emt 00:01:04]} Kf7
{[%clk 01:27:23]} {[%emt 00:00:19]} 40. Kf3 {[%clk 00:50:16]} {[%emt 00:00:05]}
e4+ {[%clk 01:27:43]} {[%emt 00:00:10]} 41. Kxe4 {[%emt 00:00:06]} g2 {[%emt
00:00:05]} 42. c5 {[%emt 00:00:19]} bxc5 {[%emt 00:00:14]} 43. Kd3 {[%clk
00:49:34]} {[%emt 00:00:26]} g1=Q {[%clk 01:28:04]} {[%emt 00:00:10]} 44. Ke4
{[%emt 00:02:12]} Kf6 {[%clk 01:27:17]} 45. Kf3 {[%clk 00:49:03]} {[%emt
00:00:36]} Bd2 {[%clk 01:27:42]} 46. a5 {[%clk 00:48:55]} {[%emt 00:00:42]} Kf5
{[%clk 01:28:07]} 47. Kg2 {[%emt 00:00:13]} Qe3 48. b6 {[%emt 00:00:24]} Kg4
49. Kg1 {[%emt 00:00:23]} Qf3 50. b7 {[%clk 00:48:11]} {[%emt 00:00:17]} Kg3
51. Kf1 {[%clk 00:48:11]} {[%emt 00:00:12]} Qg2# {[%clk 01:26:55]} 0-1